Management
Enregistré dans:
| Auteur principal: | |
|---|---|
| Autres auteurs: | |
| Format: | Livre |
| Langue: | tchèque |
| Publié: |
Plzeň
Vydavatelství a nakladatelství Aleš Čeněk
2009
|
| Sujets: | |
| Tags: |
Pas de tags, Soyez le premier à ajouter un tag!
|
MARC
| LEADER | 00000nam a2200000 4500 | ||
|---|---|---|---|
| 001 | 0143998 | ||
| 005 | 20240313090010.7 | ||
| 020 | |a 978-80-7380-230-1 | ||
| 041 | 0 | |a cze | |
| 044 | |a CZ | ||
| 245 | 1 | 0 | |a Management |c Ludmila Mládková, Petr Jedinák a kolektiv |
| 264 | 1 | |a Plzeň |b Vydavatelství a nakladatelství Aleš Čeněk |c 2009 | |
| 300 | |a 273 s. | ||
| 610 | 2 | 0 | |a manažment |
| 610 | 2 | 0 | |a manažéri |
| 610 | 2 | 0 | |a pracovníci vedúci |
| 610 | 2 | 0 | |a riadenie podnikové |
| 610 | 2 | 0 | |a etika |
| 610 | 2 | 0 | |a kultúra |
| 610 | 2 | 0 | |a technika riadenia |
| 610 | 2 | 0 | |a metódy riadenia |
| 100 | 1 | |a Mládková, Ludmila | |
| 700 | 1 | |a Jedinák, Petr | |